Central Library OPAC University of Rajshahi

Poems of faith and doubt : (Record no. 53971)

MARC details
000 -LEADER
fixed length control field 00736nam a2200253 a 4500
001 - CONTROL NUMBER
control field 53971
003 - CONTROL NUMBER IDENTIFIER
rucl marc code BD-RjUL
005 - DATE AND TIME OF LATEST TRANSACTION
control field 20211209080043.0
008 - FIXED-LENGTH DATA ELEMENTS--GENERAL INFORMATION
fixed length control field 161030t19711965scu 000 0 eng
020 ## - INTERNATIONAL STANDARD BOOK NUMBER
International Standard Book Number 0713153431
International Standard Book Number 071315344X
035 ## - SYSTEM CONTROL NUMBER
System control number (BD-RjUL)54093
040 ## - CATALOGING SOURCE
Original cataloging agency DLC
Transcribing agency DLC
Modifying agency BD-RjUL
Language of cataloging eng
041 ## - LANGUAGE CODE
Language code of text/sound track or separate title eng
082 00 - DEWEY DECIMAL CLASSIFICATION NUMBER
Classification number 821.808
Edition number 23
Author mark and year POE 1971
245 10 - TITLE STATEMENT
Title Poems of faith and doubt :
Remainder of title the Victorian age /
Statement of responsibility, etc. Edited by R. L. Brett.
260 ## - PUBLICATION, DISTRIBUTION, ETC. (IMPRINT)
Place of publication, distribution, etc. London :
Name of publisher, distributor, etc. Edward Arnold,
Date of publication, distribution, etc. c1965 [Reprint 1971]
300 ## - PHYSICAL DESCRIPTION
Pagination 191 p. ;
Size 20 cm.
490 0# - SERIES STATEMENT
Series statement The English library
650 #0 - SUBJECT ADDED ENTRY--TOPICAL TERM
Topical term or geographic name as entry element English poetry
Chronological subdivision 19th century.
9 (RLIN) 161154
700 ## - ADDED ENTRY--PERSONAL NAME
Personal name Brett , R.L. [Editor ]
942 ## - ADDED ENTRY ELEMENTS (KOHA)
Source of classification or shelving scheme Dewey Decimal Classification
Koha item type Books
Holdings
Lost status Source of classification or shelving scheme Damaged status Not for loan Collection code Permanent Location Current Location Shelving location Date acquired Source of acquisition Cost, normal purchase price Total Checkouts Full call number Date last seen Copy number Koha item type
  Dewey Decimal Classification     Non-fiction Central Library, University of Rajshahi Central Library, University of Rajshahi   05/01/199 UNESCO 0.00   821.808 POE 1971 30/10/2016 C-2 Books
  Dewey Decimal Classification     Non-fiction Central Library, University of Rajshahi Central Library, University of Rajshahi   06/03/1973 Blackwell 1.50   821.808 POE 1965 19/11/2016 C-3 Books